Nová smernica Európskej únie o účtovných závierkach

Smernica Európskeho parlamentu o ročných účtovných závierkach, konsolidovaných účtovných závierkach a súvisiacich správ určitých druhov podnikov. Zásada prednosti obsahu nad formou a zásada významnosti.

Gespeichert in:
Bibliographische Detailangaben
1. Verfasser: Škultéty, Jozef
Weitere Verfasser: Krišková, Petra, 1981-
Format: Buchkapitel
Sprache:Slowakisch
Schlagworte:
Tags: Tag hinzufügen
Keine Tags, Fügen Sie das erste Tag hinzu!

MARC

LEADER 00000nla a2200000 4500
001 0197815
005 20240502073336.1
041 0 |a slo 
044 |a SK 
245 1 0 |a Nová smernica Európskej únie o účtovných závierkach  |c Jozef Škultéty, Petra Krišková 
520 |a Smernica Európskeho parlamentu o ročných účtovných závierkach, konsolidovaných účtovných závierkach a súvisiacich správ určitých druhov podnikov. Zásada prednosti obsahu nad formou a zásada významnosti. 
610 2 0 |a jednotka účtovná 
610 2 0 |a bilancie 
610 2 0 |a závierka účtovná 
610 2 0 |a výkaz ziskov a strát 
610 2 0 |a výsledok hospodársky 
610 2 0 |a predpisy 
610 2 0 |a účtovníctvo 
610 2 0 |a smernice 
610 2 0 |a Európska únia 
100 1 |a Škultéty, Jozef 
700 1 |a Krišková, Petra, 1981-